Which CityQuiz country has the most cities? - Statistics

General Stats
  • This quiz has been taken 11 times
    5 since last reset
  • The average score is 8 of 10
Answer Stats
Cities Country % Correct
22074 China
100%
34455 France
100%
588648 India
100%
135047 Russia
100%
33233 United States of America
100%
15648 Mexico
80%
42458 Poland
80%
57191 Italy
60%
14229 Austria
40%
12859 Romania
40%
No matching quizzes found
Score Distribution
Percent of People with Each Score
Percentile by Number Answered
Your Score History
You have not taken this quiz since the last reset